WWE 2K25 Roster - Statistics

General Stats
  • This quiz has been taken 175 times
    108 since last reset
  • The average score is 187 of 407
Answer Stats
Hint Answer % Correct
Booker T
90%
Persona Booker T '01
90%
Triple H '08
89%
Triple H '14
89%
Big E
80%
DLC Elite Jey Uso
80%
Persona Elite Jimmy Uso
80%
DLC Elite Roman Reigns '13
80%
Jey Uso
80%
Jey Uso '10
80%
Jey Uso '17
80%
Roman Reigns
80%
Roman Reigns '22
80%
Roman Reigns '22(Brawl)
80%
Persona Roman Reigns '24
80%
Persona Roman Reigns(Demastered)
80%
AJ Styles
79%
Persona AJ Styles(Demastered)
79%
Cody Rhodes
79%
Persona Elite John Cena
79%
DLC Elite Undertaker
79%
Hulk Hogan
79%
Jimmy Uso
79%
Jimmy Uso '10
79%
Jimmy Uso '17
79%
John Cena
79%
John Cena '07
79%
Persona John Cena '10
79%
John Cena '12
79%
Persona John Cena '20(nWo)
79%
Persona John Cena '25
79%
Undertaker
79%
Undertaker '03
79%
Persona Undertaker '20
79%
DLC Undertaker '90
79%
Undertaker '98
79%
Persona Elite Rhea Ripley
77%
Seth "Freakin" Rollins
77%
Persona Seth Rollins '14
77%
Persona Seth Rollins '15
77%
Seth Rollins '22
77%
CM Punk
75%
Persona CM Punk '10
75%
Persona CM Punk '11
75%
Rey Mysterio
75%
Rhea Ripley
75%
Rhea Ripley '17
75%
Rhea Ripley '20
75%
Becky Lynch
74%
Becky Lynch '17
74%
Persona Becky Lynch '18
74%
Persona Elite The Rock
74%
Hollywood Hulk Hogan
74%
Kane
74%
Kane '08
74%
The Rock
74%
The Rock '01
74%
Persona The Rock '24
74%
DLC The Rock '97
74%
Dominik Mysterio
72%
Persona Elite Hulk Hogan
70%
Hulk Hogan '02
70%
Persona "Ichiban" Hulk Hogan
70%
Bray Wyatt
69%
Bray Wyatt '20
69%
Persona Bray Wyatt '20(nWo)
69%
Charlotte Flair
69%
Charlotte Flair '17
69%
Persona Elite Bray Wyatt
69%
Finn Balor
69%
Manager Paul Heyman
69%
Solo Sikoa
69%
Solo Sikoa '22
69%
The Fiend Bray Wyatt
69%
The Fiend Bray Wyatt '23
69%
Dusty Rhodes
67%
Persona Elite Cody Rhodes
67%
Randy Orton
67%
Persona Randy Orton '09
67%
Randy Orton '15
67%
Shawn Michaels
67%
Bayley
66%
Bayley '20
66%
Bron Breakker
66%
Bronson Reed
66%
Carmelo Hayes
66%
Carmelo Hayes '22
66%
Diesel
66%
Dragon Lee
66%
Gunther
66%
Super Cena
66%
Triple H
66%
Persona Triple H '99
66%
Asuka
64%
Persona Asuka(Demastered)
64%
Bianca Belair
64%
Bianca Belair '17
64%
Kofi Kingston
64%
Kofi Kingston '17
64%
Lexis King
64%
Stephanie McMahon
64%
Stone Cold Steve Austin '00
64%
Persona The Miz(A-Lister)
64%
Xavier Woods
64%
Xavier Woods '17
64%
Bret Hart
62%
Dakota Kai
62%
Damian Priest
62%
Eddie Guerrero
62%
DLC Penta
62%
Sami Zayn
62%
Stone Cole Steve Austin
62%
Tama Tonga
62%
Angel
61%
Braun Strowman
61%
Drew Mcintyre
61%
Eddie Guerrero '97
61%
Jacob Fatu
61%
Karrion Kross
61%
Kurt Angle
61%
Persona Rob Van Dam '97
61%
Erick Rowan
59%
Fatu
59%
Manager Jimmy Hart
59%
Kevin Owens
59%
LA Knight
59%
Lita
59%
Nikki Cross
59%
Nikki Cross '23
59%
Ultimate Warrior
59%
Persona Ultimate Warrior(No Paint)
59%
Wes Lee
59%
Chad Gable
57%
Persona Chad Gable '16
57%
Persona Elite Trish Stratus
57%
Honky Tonk Man
57%
Kevin Nash
57%
Mankind
57%
Sheamus
57%
The Miz
57%
Trish Stratus
57%
DLC Alex Shelley
56%
Liv Morgan
56%
Logan Paul
56%
Afa
54%
Manager Afa(Manager)
54%
Alexa Bliss
54%
Persona Alexa Bliss '25
54%
Andrade
54%
Angelo Dawkins
54%
Batista
54%
Ludwig Kaiser
54%
Razor Ramon
54%
Roxanne Perez
54%
Tonga Loa
54%
Trick Williams
54%
Manager Trick Williams '22
54%
Andre the Giant
52%
Chyna
52%
Jade Cargill
52%
Persona King Booker
52%
"Macho Man" Randy Savage
52%
Raquel Rodriguez
52%
Uncle Howdy
52%
Uncle Howdy '23
52%
Akam
51%
Austin Theory
51%
Chelsea Green
51%
DLC Chris Sabin
51%
JBL
51%
Joe Gacy
51%
Joe Gacy '23
51%
Montez Ford
51%
Rob Van Dam
51%
R-Truth
51%
Scott Hall
51%
DLC Stephanie Vaquer
51%
Brutus Creed
49%
Cactus Jack
49%
Natalya
49%
Oba Femi
49%
Umaga
49%
Baron Corbin
48%
Bubba Ray Dudley
48%
Dexter Lumis
48%
Dexter Lumis '23
48%
D-Von Dudley
48%
Je'Von Evans
48%
Julius Creed
48%
Persona Kurt Angle '00
48%
Persona Kurt Angle(Demastered)
48%
DLC Mark Henry
48%
New Jack
48%
Piper Niven
48%
Scarlett
48%
Candice Lerae
46%
Grayson Waller
46%
Johnny Gargano
46%
Karl Anderson
46%
Kelani Jordan
46%
Persona Kelani Jordan '23
46%
Lash Legend
46%
Naomi
46%
Naomi '20
46%
Otis
46%
Yokozuna
46%
Alba Fyre
44%
Carlito
44%
Iyo Sky
44%
Manager Mick Foley
44%
Rikishi
44%
DLC Shaquille O'Neal
44%
Sika
44%
Tamina
44%
Tamina '10
44%
Tiffany Stratton
44%
Erik
43%
DLC Giulia
43%
JD Mcdonagh
43%
Kairi Sane
43%
Luke Gallows
43%
Molly Holly
43%
Nia Jax
43%
Pete Dunne
43%
Rick Steiner
43%
Scott Steiner '03
43%
Scott Steiner '93
43%
Shinsuke Nakamura
43%
Tommaso Ciampa
43%
Akira Tozawa
41%
B-Fab
41%
British Bulldog
41%
Bruno Sammartino
41%
Ivar
41%
Jim "The Anvil" Neidhart
41%
Michin
41%
Omos
41%
Santos Escobar
41%
DLC Abyss
39%
Manager Bobby "The Brain" Heenan
39%
Dude Love
39%
Ethan Page
39%
DLC Jordynne Grace
39%
Kit Wilson
39%
Lyra Valkyria
39%
Lyra Valkyria '24
39%
Rowdy Roddy Piper
39%
Axiom
38%
DDP
38%
DDP '98
38%
Jake "The Snake" Roberts
38%
Peter Maivia
38%
Rezar
38%
Ricky "The Dragon" Steamboat
38%
Rocky Maivia
38%
Tyler Bate
38%
X-Pac
38%
Zelina Vega
38%
Manager Adam Pearce
36%
Andre Chase
36%
Boogeyman
36%
George "The Animal" Steele
36%
Jaida Parker
36%
Lex Luger
36%
Manager Paul Bearer
36%
Shawn Michaels '05
36%
Shawn Michaels '94
36%
DLC Billy Gunn
34%
Cedric Alexander
34%
Cruz Del Toro
34%
Jacy Jayne
34%
Kiana James
34%
Nathan Frazer
34%
Pat Mcafee
34%
Ravishing Rick Rude
34%
DLC Road Dogg
34%
Shayna Baszler
34%
Sol Ruca
34%
Stacy Keibler
34%
Wade Barrett
34%
Berto
33%
Persona Charlotte Flair(Demastered)
33%
MyRise Chase
33%
DLC D-Lo Brown
33%
Fallon Henley
33%
Harley Race
33%
Ilja Dragunov
33%
Maryse
33%
Sandman
33%
Terry Funk
33%
DLC The Great Khali
33%
Apollo Crews
31%
Manager Brother Love
31%
Carmella
31%
Carmella '17
31%
Cora Jade
31%
Haku
31%
Lola Vice
31%
Mosh
31%
Thrasher
31%
Charlie Dempsey
30%
Ivy Nile
30%
Joaquin Wilde
30%
Maxxine Dupri
30%
Michelle McCool
30%
Samu
30%
Alundra Blayze
28%
Alundra Blayze '94
28%
Ashante "Thee" Adonis
28%
Mr. Perfect
28%
Manager Nick Aldis
28%
Rosey
28%
Tatum Paxley
28%
Thea Hail
28%
Manager Captain Lou Albano
26%
Isla Dawn
26%
Jakara Jackson
26%
Noam Dar
26%
Manager Paul Ellering
26%
Tama
26%
Tony D'Angelo
26%
Vader
26%
Zoey Stark
26%
Manager Ava
25%
Eric Bischoff
25%
Finn Balor(Demon)
25%
Giovanni Vinci
25%
Indi Hartwell
25%
DLC Junkyard Dog
25%
Ken Shamrock
25%
The Great Muta
25%
Valhalla
25%
Channing "Stacks" Lorenzo
23%
Elton Prince
23%
Gigi Dolin
23%
Mighty Molly
23%
Ridge Holland
23%
Shotzi
23%
Superstar Billy Graham
23%
The Hurricane
23%
Tyler Breeze
23%
DLC Tyrese Haliburton
23%
William Regal
23%
DLC Bull Nakano
21%
Doink the Clown
21%
Duke Hudson
21%
Jamal
21%
DLC KSI
21%
Manager Miss Elizabeth
21%
Sonya Deville
21%
Stardust
21%
Manager Theodore Long
21%
DLC Tito Santana
21%
DLC Victoria
21%
Blair Davenport
20%
Brooks Jensen
20%
Kayden Carter
20%
MyRise Meilee "Fanny" Fan
20%
Nikkita Lyons
20%
Shawn Spears
20%
MyRise Cole Quinn
18%
Eddy Thorpe
18%
Elektra Lopez
18%
Eve Torres
18%
DLC Jalen Brunson
18%
Joe Coffey
18%
Josh Briggs
18%
Katana Chance
18%
Mark Coffey
18%
Manager Mr. Fuji
18%
Wendy Choo
18%
Manager Armando Estrada
16%
MyRise Ava Moreno
16%
DLC Jesse "The Body" Ventura
16%
MyRise Josie Jane
16%
DLC "Mr. Wonderful" Paul Orndorff
16%
Oro Mensah
16%
Syxx
16%
MyRise Chosen
15%
Cody Rhodes(Undashing)
15%
Farooq
15%
Tegan Nox
15%
Wolfgang
15%
Persona CM Punk(S.E.S.)
13%
MyRise Paragon Jay Pierce
13%
Sensational Sherri
13%
MyRise The Manifestation
13%
The Island Zero
13%
Persona Dominik Mysterio '23(Masked)
11%
MyRise El Mago Jr.
11%
Hunter Hearst Helmsley
11%
DLC Sid Justice
11%
Cathy Kelley
10%
MyRise Hector Flores
10%
MyRise La Cangrejita Loca
10%
MyRise Odyssey Rift
10%
Persona Solo Sikoa(Tribal Chief)
10%
Persona CM Punk '10(Masked)
8%
MyRise El Ordinario
8%
Persona Jean-Paul Levesque
8%
MyRise Psycho Sally
7%
Persona Prototype
5%
Manager Stephanie McMahon(Manager)
5%
Persona Solo Sikoa(Bloodline Suit)
3%
The Iron Shiek
3%
R-Truth(Judgement Day)
2%
DLC TBA
0%
No matching quizzes found
Score Distribution
Percent of People with Each Score
Percentile by Number Answered
Your Score History
You have not taken this quiz since the last reset